[Event "MCR_CF14"]
[Site "?"]
[Date "2007.??.??"]
[Round "?"]
[White "Cvak, Rudolf"]
[Black "Latal, Frantisek"]
[Result "1-0"]
[WhiteElo "2247"]
[BlackElo "2129"]
[PlyCount "39"]
[EventDate "2007.??.??"]
[EventType "corr"]
[EventRounds "2"]
[SourceDate "2007.01.09"]

1. e4 e5 2. f4 exf4 3. Nf3 g5 4. Bc4 g4 5. O-O gxf3 6. Qxf3 Qf6 7. c3 Nc6 8. d4
Nxd4 9. Bxf7+ Qxf7 10. cxd4 Bg7 11. Nc3 Ne7 12. Bxf4 Ng6 13. Nd5 Bxd4+ 14. Kh1
O-O 15. Qd3 Nxf4 16. Rxf4 Qg7 17. Rxf8+ Kxf8 18. Rf1+ Kg8 19. Nxc7 Rb8 20. Qc4+
1-0

[Event "MCR_CF14"]
[Site "?"]
[Date "2007.??.??"]
[Round "?"]
[White "Dlouhy, Radek"]
[Black "Svoboda, Frantisek"]
[Result "1/2-1/2"]
[WhiteElo "2130"]
[BlackElo "2051"]
[PlyCount "35"]
[EventDate "2007.??.??"]
[EventType "corr"]
[EventRounds "2"]
[SourceDate "2007.01.09"]

1. e4 c5 2. c3 d5 3. exd5 Qxd5 4. d4 Nc6 5. Nf3 Bg4 6. Be2 e6 7. h3 Bxf3 8.
Bxf3 Qd7 9. dxc5 Qxd1+ 10. Kxd1 Rd8+ 11. Ke2 Bxc5 12. Nd2 Nge7 13. Ne4 Bb6 14.
Ng5 Ne5 15. Be4 h6 16. Nf3 Nc4 17. Bd3 Nd6 18. Re1 1/2-1/2

[Event "MCR_CF14"]
[Site "?"]
[Date "2007.??.??"]
[Round "?"]
[White "Dlouhy, Radek"]
[Black "Latal, Frantisek"]
[Result "1-0"]
[WhiteElo "2130"]
[BlackElo "2129"]
[PlyCount "29"]
[EventDate "2007.??.??"]
[EventType "corr"]
[EventRounds "2"]
[SourceDate "2007.01.09"]

1. e4 e5 2. Nf3 Nc6 3. Bb5 a6 4. Ba4 Nf6 5. d4 exd4 6. O-O Be7 7. e5 Ne4 8.
Nxd4 Nxd4 9. Qxd4 Nc5 10. Nc3 O-O 11. Bg5 Bxg5 12. Qxc5 Be7 13. Qe3 d5 14. exd6
Be6 15. dxe7 1-0

[Event "MCR_CF14"]
[Site "?"]
[Date "2007.??.??"]
[Round "?"]
[White "Cvak, Rudolf"]
[Black "Houdek, Vladimir"]
[Result "1-0"]
[WhiteElo "2247"]
[BlackElo "2185"]
[PlyCount "43"]
[EventDate "2007.??.??"]
[EventType "corr"]
[EventRounds "2"]
[SourceDate "2007.01.09"]

1. e4 e5 2. f4 exf4 3. Nf3 g5 4. Bc4 Bg7 5. O-O Nc6 6. c3 d6 7. d4 Nh6 8. h4 g4
9. Ng5 f3 10. gxf3 Na5 11. Be2 gxf3 12. Bxf3 O-O 13. Bg2 Qe8 14. Na3 f6 15. Nh3
f5 16. b4 Nc6 17. Nb5 Qd7 18. Bxh6 Bxh6 19. Rxf5 Rxf5 20. exf5 a6 21. Qh5 Be3+
22. Kh1 1-0

[Event "MCR_CF14"]
[Site "?"]
[Date "2007.??.??"]
[Round "?"]
[White "Houdek, Vladimir"]
[Black "Cvak, Rudolf"]
[Result "1/2-1/2"]
[WhiteElo "2185"]
[BlackElo "2247"]
[PlyCount "47"]
[EventDate "2007.??.??"]
[EventType "corr"]
[EventRounds "2"]
[SourceDate "2007.01.09"]

1. d4 d5 2. c4 c6 3. Nf3 Nf6 4. e3 Bf5 5. Nc3 e6 6. Bd3 Bxd3 7. Qxd3 Bb4 8. O-O
O-O 9. Bd2 Na6 10. Rfc1 Re8 11. a3 Bxc3 12. bxc3 Ne4 13. cxd5 exd5 14. c4 Nc7
15. Be1 c5 16. dxc5 Nxc5 17. Qf5 Ne4 18. Rd1 Qf6 19. Qxf6 Nxf6 20. Rac1 dxc4
21. Rxc4 Ne6 22. Nd4 Rad8 23. Bc3 Ne4 24. Bb2 1/2-1/2

[Event "MCR_CF14"]
[Site "?"]
[Date "2007.??.??"]
[Round "?"]
[White "Svoboda, Frantisek"]
[Black "Houdek, Vladimir"]
[Result "1/2-1/2"]
[WhiteElo "2051"]
[BlackElo "2185"]
[PlyCount "44"]
[EventDate "2007.??.??"]
[EventType "corr"]
[EventRounds "2"]
[SourceDate "2007.01.09"]

1. e4 e5 2. Nf3 Nc6 3. Bb5 a6 4. Ba4 Nf6 5. O-O Be7 6. Re1 b5 7. Bb3 d6 8. c3
O-O 9. h3 Na5 10. Bc2 c5 11. d4 Qc7 12. Nbd2 cxd4 13. cxd4 Nc6 14. Nb3 a5 15.
Be3 a4 16. Nbd2 Bd7 17. Rc1 Qb7 18. Nf1 a3 19. b3 Bd8 20. d5 Nb4 21. Bb1 Ba5
22. Bd2 Qb6 1/2-1/2

[Event "MCR_CF14"]
[Site "?"]
[Date "2007.??.??"]
[Round "?"]
[White "Houdek, Vladimir"]
[Black "Svoboda, Frantisek"]
[Result "1/2-1/2"]
[WhiteElo "2185"]
[BlackElo "2051"]
[PlyCount "37"]
[EventDate "2007.??.??"]
[EventType "corr"]
[EventRounds "2"]
[SourceDate "2007.01.09"]

1. d4 d5 2. c4 Nc6 3. Nf3 Bg4 4. cxd5 Bxf3 5. exf3 Qxd5 6. Be3 e6 7. Nc3 Bb4 8.
a3 Bxc3+ 9. bxc3 Nf6 10. Bd3 O-O 11. O-O Rab8 12. Re1 Rfe8 13. Rb1 Qd6 14. a4
b6 15. Bb5 Nd5 16. Bd2 Ra8 17. f4 a6 18. Bd3 Nce7 19. Qf3 1/2-1/2

[Event "MCR_CF14"]
[Site "?"]
[Date "2007.??.??"]
[Round "?"]
[White "Cvak, Rudolf"]
[Black "Svoboda, Frantisek"]
[Result "1-0"]
[WhiteElo "2247"]
[BlackElo "2051"]
[PlyCount "51"]
[EventDate "2007.??.??"]
[EventType "corr"]
[EventRounds "2"]
[SourceDate "2007.01.09"]

1. e4 e5 2. Nf3 Nc6 3. Bb5 a6 4. Ba4 d6 5. c3 Bd7 6. d4 Nge7 7. d5 Nb8 8. c4
Ng6 9. Nc3 Be7 10. Qb3 Qc8 11. Be3 O-O 12. O-O Bxa4 13. Qxa4 f5 14. exf5 Qxf5
15. Rac1 Nd7 16. Ne2 Rad8 17. Ng3 Qf7 18. Qb4 b6 19. Qa4 Nc5 20. Qa3 Nf4 21.
Bxf4 exf4 22. Ne2 a5 23. Qc3 Bf6 24. Qd2 Rde8 25. Rcd1 Bxb2 26. Qxb2 1-0

[Event "MCR_CF14"]
[Site "?"]
[Date "2007.??.??"]
[Round "?"]
[White "Kudr, Roman"]
[Black "Houdek, Vladimir"]
[Result "1/2-1/2"]
[WhiteElo "2216"]
[BlackElo "2185"]
[PlyCount "46"]
[EventDate "2007.??.??"]
[EventType "corr"]
[EventRounds "2"]
[SourceDate "2007.01.09"]

1. e4 e5 2. Nf3 Nc6 3. Bb5 a6 4. Ba4 Nf6 5. O-O Be7 6. Re1 b5 7. Bb3 d6 8. c3
O-O 9. h3 Na5 10. Bc2 c5 11. d4 Qc7 12. Nbd2 cxd4 13. cxd4 Nc6 14. Nb3 a5 15.
Be3 a4 16. Nbd2 Bd7 17. Nf1 a3 18. bxa3 Rxa3 19. Ng3 Rfa8 20. Bb3 Na5 21. Rc1
Qb8 22. Bg5 Nxb3 23. axb3 Be6 1/2-1/2

[Event "MCR_CF14"]
[Site "?"]
[Date "2007.??.??"]
[Round "?"]
[White "Houdek, Vladimir"]
[Black "Kudr, Roman"]
[Result "1/2-1/2"]
[WhiteElo "2185"]
[BlackElo "2216"]
[PlyCount "41"]
[EventDate "2007.??.??"]
[EventType "corr"]
[EventRounds "2"]
[SourceDate "2007.01.09"]

1. d4 Nf6 2. Nf3 g6 3. g3 Bg7 4. Bg2 O-O 5. O-O d5 6. c4 c6 7. cxd5 cxd5 8. Nc3
Nc6 9. Ne5 Bf5 10. Bf4 Qb6 11. Na4 Qb5 12. Nxc6 bxc6 13. Rc1 Nd7 14. b3 Rfe8
15. h3 e5 16. dxe5 Nxe5 17. g4 Be6 18. Nc5 Nd7 19. Be3 Qa5 20. Qc2 Nxc5 21.
Bxc5 1/2-1/2

[Event "MCR_CF14"]
[Site "?"]
[Date "2007.??.??"]
[Round "?"]
[White "Cvak, Rudolf"]
[Black "Dlouhy, Radek"]
[Result "1/2-1/2"]
[WhiteElo "2247"]
[BlackElo "2130"]
[PlyCount "63"]
[EventDate "2007.??.??"]
[EventType "corr"]
[EventRounds "2"]
[SourceDate "2007.01.09"]

1. e4 e5 2. Nf3 Nf6 3. Nxe5 d6 4. Nf3 Nxe4 5. d4 d5 6. Bd3 Nc6 7. O-O Bg4 8. c4
Nf6 9. Nc3 Bxf3 10. Qxf3 Nxd4 11. Qg3 Ne6 12. Re1 Be7 13. cxd5 Nxd5 14. Bf5 O-O
15. Qh3 Nf6 16. Be3 Bd6 17. Rad1 Re8 18. Ne4 h6 19. Bxh6 Nxe4 20. Bh7+ Kxh7 21.
Bg5+ Kg8 22. Bxd8 Rexd8 23. Rxe4 Ng5 24. Qf5 Nxe4 25. Qxe4 Bxh2+ 26. Kxh2 Rxd1
27. Qxb7 Rdd8 28. Qxc7 Rd2 29. Qb7 Rad8 30. f4 g6 31. a3 a5 32. Qb5 1/2-1/2

[Event "MCR_CF14"]
[Site "?"]
[Date "2007.??.??"]
[Round "?"]
[White "Kudr, Roman"]
[Black "Goc, Pavel"]
[Result "0-1"]
[WhiteElo "2216"]
[BlackElo "2145"]
[PlyCount "44"]
[EventDate "2007.??.??"]
[EventType "corr"]
[EventRounds "2"]
[SourceDate "2007.01.09"]

1. e4 e5 2. Nf3 Nc6 3. Bc4 Bc5 4. d3 Nf6 5. Nc3 d6 6. Be3 Bb6 7. Qe2 Be6 8.
O-O-O Bxe3+ 9. Qxe3 O-O 10. Bxe6 fxe6 11. Rhf1 Ng4 12. Qe1 Nd4 13. Nxd4 exd4
14. Ne2 Nxh2 15. Nxd4 Nxf1 16. Nxe6 Qh4 17. Nxf8 Rxf8 18. Qxf1 Rxf2 19. Qe1
Qg5+ 20. Kb1 Qxg2 21. Rc1 b6 22. Qc3 Rf7 0-1

[Event "MCR_CF14"]
[Site "?"]
[Date "2007.??.??"]
[Round "?"]
[White "Houdek, Vladimir"]
[Black "Goc, Pavel"]
[Result "1/2-1/2"]
[WhiteElo "2185"]
[BlackElo "2145"]
[PlyCount "40"]
[EventDate "2007.??.??"]
[EventType "corr"]
[EventRounds "2"]
[SourceDate "2007.01.09"]

1. d4 Nf6 2. Nf3 d5 3. c4 e6 4. Nc3 c6 5. e3 Nbd7 6. Bd3 dxc4 7. Bxc4 b5 8. Bd3
a6 9. Ng5 Bb7 10. Qf3 Qc7 11. O-O c5 12. Qh3 h6 13. f3 Qb6 14. Ne2 Bd6 15. Ne4
Nxe4 16. fxe4 O-O 17. e5 Bc7 18. Kh1 a5 19. Qg3 a4 20. a3 Rad8 1/2-1/2

[Event "MCR_CF14"]
[Site "?"]
[Date "2007.??.??"]
[Round "?"]
[White "Goc, Pavel"]
[Black "Houdek, Vladimir"]
[Result "1/2-1/2"]
[WhiteElo "2145"]
[BlackElo "2185"]
[PlyCount "47"]
[EventDate "2007.??.??"]
[EventType "corr"]
[EventRounds "2"]
[SourceDate "2007.01.09"]

1. e4 e5 2. Nf3 Nc6 3. Bc4 Bc5 4. b4 Bb6 5. a4 a6 6. Nc3 Nf6 7. Nd5 O-O 8. O-O
Nxd5 9. exd5 e4 10. dxc6 exf3 11. Qxf3 dxc6 12. Bb2 a5 13. Qg3 Bd4 14. Bxd4
Qxd4 15. d3 Be6 16. Bxe6 fxe6 17. bxa5 Rxa5 18. Rab1 Rxa4 19. Rxb7 Ra2 20. Qe3
Qxe3 21. fxe3 Rxc2 22. Rxc7 e5 23. Re7 Rd2 24. Rxe5 1/2-1/2

[Event "MCR_CF14"]
[Site "?"]
[Date "2007.??.??"]
[Round "?"]
[White "Goc, Pavel"]
[Black "Kudr, Roman"]
[Result "1/2-1/2"]
[WhiteElo "2145"]
[BlackElo "2216"]
[PlyCount "46"]
[EventDate "2007.??.??"]
[EventType "corr"]
[EventRounds "2"]
[SourceDate "2007.01.09"]

1. e4 e5 2. Nf3 Nf6 3. Nxe5 d6 4. Nf3 Nxe4 5. Qe2 Qe7 6. d3 Nf6 7. Bg5 Nbd7 8.
Nc3 h6 9. Be3 Nb6 10. O-O-O Be6 11. Nd4 O-O-O 12. Nxe6 Qxe6 13. g3 d5 14. h4
Kb8 15. Bd4 Qc6 16. Bg2 Bc5 17. Bxc5 Qxc5 18. d4 Qa5 19. Qb5 Qxb5 20. Nxb5 c6
21. Nc3 Rde8 22. Rde1 Nc4 23. Nd1 Kc7 1/2-1/2

[Event "MCR_CF14"]
[Site "?"]
[Date "2007.??.??"]
[Round "?"]
[White "Dlouhy, Radek"]
[Black "Houdek, Vladimir"]
[Result "1/2-1/2"]
[WhiteElo "2130"]
[BlackElo "2185"]
[PlyCount "48"]
[EventDate "2007.??.??"]
[EventType "corr"]
[EventRounds "2"]
[SourceDate "2007.01.09"]

1. e4 e5 2. Nf3 Nc6 3. Bb5 a6 4. Ba4 Nf6 5. d4 exd4 6. O-O Be7 7. e5 Ne4 8.
Nxd4 O-O 9. Nf5 d5 10. Bxc6 bxc6 11. Nxe7+ Qxe7 12. Re1 Re8 13. f3 Nc5 14. b3
Qh4 15. Nc3 Bf5 16. Bb2 Ne6 17. Ne2 Qg5 18. Qc1 Qg6 19. c4 Rad8 20. cxd5 Rxd5
21. Nf4 Nxf4 22. Qxf4 Red8 23. Bc3 c5 24. Rac1 Be6 1/2-1/2

[Event "MCR_CF14"]
[Site "?"]
[Date "2007.??.??"]
[Round "?"]
[White "Houdek, Vladimir"]
[Black "Dlouhy, Radek"]
[Result "1/2-1/2"]
[WhiteElo "2185"]
[BlackElo "2130"]
[PlyCount "47"]
[EventDate "2007.??.??"]
[EventType "corr"]
[EventRounds "2"]
[SourceDate "2007.01.09"]

1. d4 d5 2. c4 e6 3. Nc3 Nf6 4. cxd5 exd5 5. Bg5 Be7 6. e3 c6 7. Bd3 O-O 8. Qc2
Nbd7 9. Nge2 Re8 10. O-O Nf8 11. f3 Be6 12. Rae1 Rc8 13. Ng3 h6 14. Bf4 c5 15.
Nf5 c4 16. Nxe7+ Rxe7 17. Be2 Qd7 18. Be5 Ne8 19. Bd1 Ng6 20. Bg3 b5 21. Qd2
Qc6 22. Bc2 Nf6 23. Qd1 Rd8 24. Qb1 1/2-1/2

[Event "MCR_CF14"]
[Site "?"]
[Date "2007.??.??"]
[Round "?"]
[White "Latal, Frantisek"]
[Black "Kudr, Roman"]
[Result "0-1"]
[WhiteElo "2129"]
[BlackElo "2216"]
[PlyCount "40"]
[EventDate "2007.??.??"]
[EventType "corr"]
[EventRounds "2"]
[SourceDate "2007.01.09"]

1. d4 Nf6 2. c4 e6 3. Nc3 Bb4 4. e3 b6 5. Bd3 Bb7 6. Nge2 Bxg2 7. Rg1 Bf3 8.
Rxg7 Ng4 9. Qd2 Qf6 10. Rxh7 Rxh7 11. Bxh7 Qh4 12. Ng3 Qxh2 13. Bd3 Qg1+ 14.
Bf1 Be7 15. Nb5 Na6 16. a3 Bh4 17. Nc3 Bxg3 18. fxg3 O-O-O 19. Ne4 Rh8 20. Qd3
Rh2 0-1

[Event "MCR_CF14"]
[Site "?"]
[Date "2007.??.??"]
[Round "?"]
[White "Svoboda, Frantisek"]
[Black "Dlouhy, Radek"]
[Result "1/2-1/2"]
[WhiteElo "2051"]
[BlackElo "2130"]
[PlyCount "66"]
[EventDate "2007.??.??"]
[EventType "corr"]
[EventRounds "2"]
[SourceDate "2007.01.09"]

1. e4 e5 2. Nf3 Nc6 3. Bb5 a6 4. Ba4 Nf6 5. O-O Nxe4 6. d4 b5 7. Bb3 d5 8. dxe5
Be6 9. Nbd2 Nc5 10. c3 Be7 11. Bc2 Bg4 12. Re1 d4 13. Nb3 d3 14. Bb1 Nxb3 15.
axb3 Bf5 16. Be3 O-O 17. Bd4 Qd5 18. Re3 Rfd8 19. Bxd3 Nxd4 20. cxd4 Bxd3 21.
Rxd3 c5 22. Qc2 cxd4 23. Rxd4 Qe6 24. Rad1 Rac8 25. Rxd8+ Bxd8 26. Qe4 f6 27.
b4 fxe5 28. Nxe5 Bf6 29. f4 h6 30. h3 Bxe5 31. fxe5 Rc4 32. Qa8+ Rc8 33. Qf3
Rc4 1/2-1/2

[Event "MCR_CF14"]
[Site "?"]
[Date "2007.??.??"]
[Round "?"]
[White "Dlouhy, Radek"]
[Black "Kudr, Roman"]
[Result "1-0"]
[WhiteElo "2130"]
[BlackElo "2216"]
[PlyCount "41"]
[EventDate "2007.??.??"]
[EventType "corr"]
[EventRounds "2"]
[SourceDate "2007.01.09"]

1. e4 e5 2. Nf3 Nf6 3. Nxe5 d6 4. Nxf7 Kxf7 5. d4 c6 6. Bd3 Qa5+ 7. c3 Be6 8.
O-O Qh5 9. Be2 Qa5 10. Nd2 Kg8 11. f4 Qd8 12. e5 Nd5 13. Ne4 Bf5 14. Ng3 Bc8
15. c4 Ne7 16. exd6 Qxd6 17. f5 Nd7 18. Ne4 Qb4 19. a3 Qa5 20. Bg5 Qd8 21. c5
1-0

[Event "MCR_CF14"]
[Site "?"]
[Date "2007.??.??"]
[Round "?"]
[White "Latal, Frantisek"]
[Black "Cvak, Rudolf"]
[Result "0-1"]
[WhiteElo "2129"]
[BlackElo "2247"]
[PlyCount "118"]
[EventDate "2007.??.??"]
[EventType "corr"]
[EventRounds "2"]
[SourceDate "2007.01.09"]

1. d4 d5 2. c4 c6 3. Nf3 Nf6 4. cxd5 cxd5 5. Nc3 Nc6 6. Bf4 Qb6 7. a3 Bf5 8.
Na4 Qd8 9. e3 Ne4 10. Ne5 g5 11. Nxc6 bxc6 12. Bg3 h5 13. Bd3 h4 14. Be5 f6 15.
f3 fxe5 16. fxe4 dxe4 17. Be2 e6 18. dxe5 Qxd1+ 19. Rxd1 Bg7 20. Rc1 Bxe5 21.
Rc5 Bd6 22. Rxc6 Ke7 23. O-O Rac8 24. Rfc1 Rxc6 25. Rxc6 Rd8 26. b4 Be5 27. Rc2
g4 28. Nc5 Rc8 29. Bc4 a5 30. Ba6 Rd8 31. Be2 axb4 32. axb4 g3 33. hxg3 Bxg3
34. b5 Rc8 35. Rc4 Bd6 36. Nb3 Ra8 37. b6 Ra3 38. Bd1 Ra6 39. b7 Rb6 40. Nd2
Rxb7 41. Nxe4 Rb1 42. Nc3 Ra1 43. Kf2 Bd3 44. Rd4 Bg3+ 45. Kf3 Bg6 46. Kg4 Be5
47. Rc4 Bxc3 48. Rxc3 Rxd1 49. Kxh4 Kf6 50. g4 Rd3 51. g5+ Kg7 52. Rc7+ Bf7 53.
e4 Re3 54. e5 Rxe5 55. Kg4 Kg6 56. Kh4 Rxg5 57. Rxf7 Rh5+ 58. Kg4 Kxf7 59. Kxh5
Kf6 0-1

[Event "MCR_CF14"]
[Site "?"]
[Date "2007.??.??"]
[Round "?"]
[White "Svoboda, Frantisek"]
[Black "Cvak, Rudolf"]
[Result "0-1"]
[WhiteElo "2051"]
[BlackElo "2247"]
[PlyCount "84"]
[EventDate "2007.??.??"]
[EventType "corr"]
[EventRounds "2"]
[SourceDate "2007.01.09"]

1. e4 c5 2. Nf3 d6 3. d4 cxd4 4. Nxd4 Nf6 5. Nc3 a6 6. Be2 e5 7. Nb3 Be7 8. Bg5
Be6 9. Bxf6 Bxf6 10. Qd3 Nc6 11. O-O-O Be7 12. Kb1 O-O 13. Nd5 Rc8 14. c3 b5
15. g3 Bxd5 16. Qxd5 Qb6 17. Rhf1 b4 18. c4 Qc7 19. f4 a5 20. Bh5 a4 21. Nc1 b3
22. a3 exf4 23. Nd3 Ne5 24. Rc1 Nxd3 25. Qxd3 fxg3 26. Qxg3 Qc5 27. Bg4 Rc7 28.
Rcd1 Bg5 29. Rd5 Qe3 30. Re1 Qxg3 31. hxg3 h6 32. Be2 Re7 33. Bd3 f5 34. c5
dxc5 35. e5 g6 36. Bb5 Ra8 37. Rxc5 Kg7 38. Rd1 Ra5 39. Rcd5 Kh8 40. Rd8+ Kh7
41. R8d5 h5 42. R1d4 Bf6 0-1

[Event "MCR_CF14"]
[Site "?"]
[Date "2007.??.??"]
[Round "?"]
[White "Goc, Pavel"]
[Black "Cvak, Rudolf"]
[Result "0-1"]
[WhiteElo "2145"]
[BlackElo "2247"]
[PlyCount "70"]
[EventDate "2007.??.??"]
[EventType "corr"]
[EventRounds "2"]
[SourceDate "2007.01.09"]

1. e4 c5 2. Nf3 d6 3. d4 cxd4 4. Nxd4 Nf6 5. Nc3 a6 6. Bg5 e6 7. f4 Qb6 8. Nb3
Nbd7 9. Qf3 Be7 10. O-O-O Qc7 11. g4 b5 12. Bxf6 Nxf6 13. g5 Nd7 14. a3 Bb7 15.
Bg2 Nc5 16. Nxc5 Qxc5 17. h4 b4 18. axb4 Qxb4 19. f5 exf5 20. Nd5 Bxd5 21. exd5
Rb8 22. b3 a5 23. Qxf5 a4 24. bxa4 O-O 25. Be4 g6 26. Qf3 Bd8 27. Rd3 Ba5 28.
Rb3 Qxa4 29. Ra3 Qb4 30. Rxa5 Qxa5 31. h5 Rb4 32. hxg6 fxg6 33. Qh3 Qa1+ 34.
Kd2 Rf2+ 35. Ke3 Qd4# 0-1

[Event "MCR_CF14"]
[Site "?"]
[Date "2007.??.??"]
[Round "?"]
[White "Svoboda, Frantisek"]
[Black "Latal, Frantisek"]
[Result "1-0"]
[WhiteElo "2051"]
[BlackElo "2129"]
[PlyCount "61"]
[EventDate "2007.??.??"]
[EventType "corr"]
[EventRounds "2"]
[SourceDate "2007.01.09"]

1. Nc3 d5 2. d4 Nf6 3. Bg5 c5 4. Bxf6 gxf6 5. e3 cxd4 6. exd4 h5 7. Qf3 Nc6 8.
Qxd5 Qxd5 9. Nxd5 Rb8 10. c3 Rg8 11. g3 Bf5 12. Bg2 Bh6 13. f4 Rc8 14. Ne3 Bg6
15. Kf2 Bf8 16. Re1 h4 17. f5 Bh7 18. Nf3 hxg3+ 19. hxg3 Rg7 20. Nd2 Kd7 21. g4
Kc7 22. Nd5+ Kb8 23. b4 Bg8 24. Bf3 e6 25. Nxf6 exf5 26. gxf5 Bd6 27. Nde4 Bc7
28. b5 Nxd4 29. cxd4 Bb6 30. Nc5 Bxc5 31. dxc5 1-0

[Event "MCR_CF14"]
[Site "?"]
[Date "2007.??.??"]
[Round "?"]
[White "Latal, Frantisek"]
[Black "Svoboda, Frantisek"]
[Result "0-1"]
[WhiteElo "2129"]
[BlackElo "2051"]
[PlyCount "74"]
[EventDate "2007.??.??"]
[EventType "corr"]
[EventRounds "2"]
[SourceDate "2007.01.09"]

1. d4 d5 2. c4 Nc6 3. Nc3 Nf6 4. Nf3 dxc4 5. e4 Bg4 6. Be3 e6 7. Qa4 Nd7 8.
Qxc4 Nb6 9. Qd3 Bd6 10. Be2 O-O 11. O-O Qd7 12. Rac1 f5 13. a3 f4 14. Bd2 Bxf3
15. Bxf3 Bc5 16. d5 Ne5 17. Qe2 Nbc4 18. Nb1 Nxf3+ 19. Qxf3 exd5 20. exd5 Ne5
21. Qe4 Bd6 22. f3 Rae8 23. Qd4 Qb5 24. b4 Nd3 25. Rc3 Nb2 26. Re1 Rxe1+ 27.
Bxe1 Be5 28. Qxe5 Re8 29. Qxf4 Rxe1+ 30. Kf2 Qe2+ 31. Kg3 Rg1 32. Kh4 Nd3 33.
Qe4 Qf2+ 34. Kh5 Re1 35. Qh4 g6+ 36. Kg4 Qxg2+ 37. Qg3 Rg1 0-1

[Event "MCR_CF14"]
[Site "?"]
[Date "2007.??.??"]
[Round "?"]
[White "Latal, Frantisek"]
[Black "Houdek, Vladimir"]
[Result "0-1"]
[WhiteElo "2129"]
[BlackElo "2185"]
[PlyCount "86"]
[EventDate "2007.??.??"]
[EventType "corr"]
[EventRounds "2"]
[SourceDate "2007.01.09"]

1. e4 e5 2. Nf3 Nc6 3. Bb5 a6 4. Ba4 Nf6 5. O-O Be7 6. Re1 b5 7. Bb3 d6 8. a3
O-O 9. d3 Bg4 10. Be3 d5 11. Nbd2 d4 12. Bg5 h6 13. Bxf6 Bxf6 14. Bd5 Qd6 15.
a4 Be6 16. Bxe6 Qxe6 17. Nb3 Rfd8 18. Re2 Be7 19. c3 bxa4 20. Rxa4 Rab8 21. Na5
Nxa5 22. Rxa5 dxc3 23. bxc3 Qb3 24. Qxb3 Rxb3 25. Rxa6 Rxd3 26. h3 Rbxc3 27.
Ra8+ Kh7 28. Re8 Rd1+ 29. Kh2 Bd6 30. Rd8 g6 31. Rd7 Kg7 32. Rb2 Rdc1 33. Rb8
R1c2 34. Rc8 Rc6 35. Kg3 Re2 36. h4 Rxe4 37. h5 g5 38. Rb8 Rc3 39. Kh2 Re2 40.
Rc8 Rcc2 41. Kh3 Rxf2 42. g3 Rxf3 43. Rxd6 Rff2 0-1

[Event "MCR_CF14"]
[Site "?"]
[Date "2007.??.??"]
[Round "?"]
[White "Cvak, Rudolf"]
[Black "Kudr, Roman"]
[Result "1-0"]
[WhiteElo "2247"]
[BlackElo "2216"]
[PlyCount "89"]
[EventDate "2007.??.??"]
[EventType "corr"]
[EventRounds "2"]
[SourceDate "2007.01.09"]

1. e4 e5 2. Nf3 Nf6 3. Nxe5 d6 4. Nf3 Nxe4 5. d4 d5 6. Bd3 Be7 7. O-O Nc6 8. c4
Nb4 9. Be2 dxc4 10. Bxc4 O-O 11. Nc3 Nd6 12. Bb3 Bg4 13. h3 Bxf3 14. Qxf3 Bg5
15. Ba4 Qf6 16. Bxg5 Qxg5 17. a3 Na6 18. Rfe1 Qf5 19. Qe2 Rad8 20. Rad1 Qg5 21.
Ne4 Qa5 22. Bc2 Qb6 23. Nf6+ gxf6 24. Qh5 f5 25. Qg5+ Kh8 26. Qf6+ Kg8 27. Re3
Ne4 28. Qxf5 Nf6 29. Rf3 Rd5 30. Qxf6 Qxf6 31. Rxf6 c5 32. dxc5 Rxd1+ 33. Bxd1
Nxc5 34. Rd6 Re8 35. Bf3 Re7 36. b4 Ne6 37. g3 Kg7 38. Bg4 Nc7 39. Rd3 h6 40.
f4 Ne8 41. Bf3 b6 42. Kf2 Kg6 43. g4 f5 44. b5 Nf6 45. Rd6 1-0

[Event "MCR_CF14"]
[Site "?"]
[Date "2007.??.??"]
[Round "?"]
[White "Kudr, Roman"]
[Black "Cvak, Rudolf"]
[Result "0-1"]
[WhiteElo "2216"]
[BlackElo "2247"]
[PlyCount "66"]
[EventDate "2007.??.??"]
[EventType "corr"]
[EventRounds "2"]
[SourceDate "2007.01.09"]

1. e4 c5 2. Nc3 Nc6 3. g3 g6 4. d3 d6 5. Bg2 Bg7 6. Nge2 Nf6 7. O-O O-O 8. h3
Bd7 9. Be3 Qc8 10. g4 h5 11. f3 b5 12. a3 Rb8 13. Qd2 Rd8 14. Bh6 Bh8 15. g5
Nh7 16. Kh2 a5 17. f4 b4 18. Nd1 Nd4 19. Nxd4 cxd4 20. axb4 axb4 21. Nf2 Qc5
22. h4 Rdc8 23. Rfc1 Nf8 24. Bxf8 Rxf8 25. Bh3 e6 26. Bg2 Bg7 27. Kg1 Rfc8 28.
Bf3 Qb6 29. Bg2 b3 30. cxb3 Qxb3 31. Nd1 Rxc1 32. Rxc1 e5 33. fxe5 Bxe5 0-1

[Event "MCR_CF14"]
[Site "?"]
[Date "2007.??.??"]
[Round "?"]
[White "Goc, Pavel"]
[Black "Latal, Frantisek"]
[Result "1/2-1/2"]
[WhiteElo "2145"]
[BlackElo "2129"]
[PlyCount "106"]
[EventDate "2007.??.??"]
[EventType "corr"]
[EventRounds "2"]
[SourceDate "2007.01.09"]

1. e4 e5 2. Nf3 Nc6 3. Bb5 a6 4. Ba4 Nf6 5. O-O Be7 6. Re1 b5 7. Bb3 O-O 8. c3
d6 9. h3 Bb7 10. d4 Re8 11. Ng5 Rf8 12. f4 exf4 13. Bxf4 Na5 14. Bc2 Nd5 15.
exd5 Bxg5 16. Qh5 h6 17. Nd2 Bxd5 18. Ne4 Bxf4 19. Qf5 g6 20. Nf6+ Kg7 21. Nh5+
Kh8 22. Qxf4 Qg5 23. Qxg5 hxg5 24. Nf6 Be6 25. g4 Kg7 26. Ne4 Kh6 27. b3 Rh8
28. Kh2 Nc6 29. Rad1 Ne7 30. Kg3 Nd5 31. c4 Nb4 32. Bb1 bxc4 33. a3 Nd3 34.
Bxd3 cxd3 35. Rxd3 Rab8 36. d5 Bc8 37. Nf6 Bb7 38. Re7 Kg7 39. Rf3 Rbc8 40. b4
Ba8 41. Rf2 Rhf8 42. h4 c6 43. Ne4 Rce8 44. Rfxf7+ Rxf7 45. Rxe8 gxh4+ 46. Kxh4
cxd5 47. Nxd6 Rf6 48. Re7+ Kf8 49. Re8+ Kg7 50. Re7+ Kf8 51. Re8+ Kg7 52. Re7+
Kf8 53. Re8+ Kg7 1/2-1/2

[Event "MCR_CF14"]
[Site "?"]
[Date "2007.??.??"]
[Round "?"]
[White "Houdek, Vladimir"]
[Black "Latal, Frantisek"]
[Result "1/2-1/2"]
[WhiteElo "2185"]
[BlackElo "2129"]
[PlyCount "125"]
[EventDate "2007.??.??"]
[EventType "corr"]
[EventRounds "2"]
[SourceDate "2007.01.09"]

1. d4 d5 2. c4 e6 3. Nc3 Nf6 4. cxd5 exd5 5. Bg5 Be7 6. e3 O-O 7. Bd3 c6 8. Qc2
h6 9. Bh4 Be6 10. Nf3 Bg4 11. Ne5 Nbd7 12. Nxg4 Nxg4 13. Bg3 Ngf6 14. f3 Nb6
15. O-O Bd6 16. Bh4 Qc7 17. Bxf6 gxf6 18. f4 Rae8 19. Qe2 Qd7 20. Qh5 Kg7 21.
Rf3 Rh8 22. Rg3+ Kf8 23. Bf5 Qc7 24. b3 a6 25. a4 Qd8 26. Rf1 Ke7 27. e4 Bb4
28. e5 Rhg8 29. exf6+ Kd6 30. Rxg8 Rxg8 31. Na2 Bd2 32. Bh7 Be3+ 33. Kh1 Re8
34. Qxf7 Nd7 35. Bf5 Bxd4 36. g4 Nxf6 37. Qxb7 Qb6 38. Qxb6 Bxb6 39. Nb4 Re3
40. Rc1 c5 41. Nxa6 Ne4 42. Bxe4 Rxe4 43. a5 Ba7 44. Rf1 Kc6 45. f5 Rxg4 46. f6
Rg8 47. f7 Rf8 48. b4 cxb4 49. Nxb4+ Kc5 50. Nd3+ Kd6 51. Rf6+ Ke7 52. Rxh6
Rxf7 53. Nb4 Kf8 54. Rh8+ Ke7 55. Nxd5+ Kd6 56. Rh5 Bd4 57. Nb4 Bc3 58. Nd3
Rf1+ 59. Kg2 Ra1 60. a6 Ra2+ 61. Kf3 Bd2 62. Nc5 Ra3+ 63. Ke2 1/2-1/2